00795nam a2200193 a 450000100100000000500170001000800410002704000250006808200140009310000550010724501030016226000390026530000210030450000630032559000750038804900090046395201120047299900170058400002225420240305103442.0100921s1964 ag 000 0 spa d aDO-SdBNPbspacBNPHU aXXXbI37m1 aIncháustegui Cabral, Héctor,d1912-197992102410aMiedo en un puñado de polvo :bPrometeo, Filoctetes, Hipólito /cHéctor Inchaustegui Cabral. aBuenos Aires :bAmericalee,c1964. a254 p. ;c23 cm. aIncluye datos biográficos del autor en la contracubierta aPerteneció a la biblioteca personal de Juan Isidro Jimenes Grullón aBNPD 001050718MOaPDbPDcCTd2010-09-21iLF1l0oXXX I37mp22254-10r2020-06-25w2020-06-25y1ZNo se presta c21752d21752